<?xml version="1.0" encoding="UTF-8"?>
<record
    xmlns:xsi="http://www.w3.org/2001/XMLSchema-instance"
    xsi:schemaLocation="http://www.loc.gov/MARC21/slim http://www.loc.gov/standards/marcxml/schema/MARC21slim.xsd"
    xmlns="http://www.loc.gov/MARC21/slim">

  <leader>01879cam a22002773a 4500</leader>
  <controlfield tag="001">17198</controlfield>
  <controlfield tag="003">PGUSA</controlfield>
  <controlfield tag="005">20140828083352.0</controlfield>
  <controlfield tag="008">051202s2005||||xxu|||||s|||||000 | eng d</controlfield>
  <datafield tag="040" ind1=" " ind2=" ">
    <subfield code="a">PGUSA</subfield>
    <subfield code="b">eng</subfield>
  </datafield>
  <datafield tag="042" ind1=" " ind2=" ">
    <subfield code="a">dc</subfield>
  </datafield>
  <datafield tag="050" ind1=" " ind2="4">
    <subfield code="a">QK</subfield>
  </datafield>
  <datafield tag="100" ind1="1" ind2=" ">
    <subfield code="a">Curtis, William,</subfield>
    <subfield code="d">1746-1799</subfield>
  </datafield>
  <datafield tag="245" ind1="1" ind2="4">
    <subfield code="a">The Botanical Magazine, Vol. 1 :</subfield>
    <subfield code="b">Or, Flower-Garden Displayed</subfield>
    <subfield code="h">[electronic resource] /</subfield>
    <subfield code="c">William Curtis</subfield>
  </datafield>
  <datafield tag="260" ind1=" " ind2=" ">
    <subfield code="b">Project Gutenberg,</subfield>
    <subfield code="c">2005</subfield>
  </datafield>
  <datafield tag="505" ind1="0" ind2=" ">
    <subfield code="a">[1]&#x2014;Iris Persica. -- [2]&#x2014;Rudbeckia purpurea. -- [3]&#x2014;Helleborus hyemalis. -- [4]&#x2014;Cyclamen Coum. -- [5]&#x2014;Erythronium Dens Canis. -- [6]&#x2014;Narcissus Minor. -- [7]&#x2014;Cynoglossum Omphalodes. -- [8]&#x2014;Helleborus Niger. -- [9]&#x2014;Iris pumila. -- [10]&#x2014;Anemone Hepatica. -- [11]&#x2014;Erica herbacea. -- [12]&#x2014;Dodecatheon Meadia. -- [13]&#x2014;Coronilla glauca. -- [14]&#x2014;Primula villosa. -- [15]&#x2014;Narcissus Jonquilla. -- [16]&#x2014;Iris variegata. -- [17]&#x2014;Cactus flagelliformis. -- [18]&#x2014;Geranium Reichardi. -- [19]&#x2014;Hemerocallis Flava. -- [20]&#x2014;Geranium Peltatum. -- [21]&#x2014;Iris Versicolor. -- [22]&#x2014;Nigella damascena. -- [23]&#x2014;Trop&#xE6;olum majus. -- [24]&#x2014;Agrostemma coronaria. -- [25]&#x2014;Dianthus chinensis. -- [26]&#x2014;Stapelia variegata. -- [27]&#x2014;Convolvulus tricolor. -- [28]&#x2014;Passiflora c&#x153;rulea. -- [29]&#x2014;Reseda odorata. -- [30]&#x2014;Lilium chalcedonicum. -- [31]&#x2014;Jasminum officinale. -- [32]&#x2014;Mesembryanthemum dolabriforme. -- [33]&#x2014;Aster tenellus. -- [34]&#x2014;Browallia elata. -- [35]&#x2014;Crepis barbata. -- [36]&#x2014;Lilium bulbiferum.</subfield>
  </datafield>
  <datafield tag="506" ind1=" " ind2=" ">
    <subfield code="a">Public domain in the USA.</subfield>
  </datafield>
  <datafield tag="516" ind1=" " ind2=" ">
    <subfield code="a">Electronic text</subfield>
  </datafield>
  <datafield tag="653" ind1=" " ind2=" ">
    <subfield code="a">Botanical illustration -- Periodicals</subfield>
  </datafield>
  <datafield tag="653" ind1=" " ind2=" ">
    <subfield code="a">Plants, Cultivated -- Periodicals</subfield>
  </datafield>
  <datafield tag="653" ind1=" " ind2=" ">
    <subfield code="a">Plants, Ornamental -- Periodicals</subfield>
  </datafield>
  <datafield tag="653" ind1=" " ind2=" ">
    <subfield code="a">Plants -- Periodicals</subfield>
  </datafield>
  <datafield tag="830" ind1=" " ind2="0">
    <subfield code="a">Project Gutenberg</subfield>
    <subfield code="v">17198</subfield>
  </datafield>
  <datafield tag="856" ind1="4" ind2="0">
    <subfield code="u">http://www.gutenberg.org/ebooks/17198</subfield>
  </datafield>
  <datafield tag="942" ind1=" " ind2=" ">
    <subfield code="c">EB</subfield>
  </datafield>
  <datafield tag="999" ind1=" " ind2=" ">
    <subfield code="c">246453</subfield>
    <subfield code="d">246453</subfield>
  </datafield>
  <datafield tag="952" ind1=" " ind2=" ">
    <subfield code="0">0</subfield>
    <subfield code="1">0</subfield>
    <subfield code="4">0</subfield>
    <subfield code="a">GTB</subfield>
    <subfield code="b">GTB</subfield>
    <subfield code="d">2014-08-28</subfield>
    <subfield code="l">0</subfield>
    <subfield code="r">2014-08-28 00:00:00</subfield>
    <subfield code="w">2014-08-28</subfield>
    <subfield code="y">EB</subfield>
  </datafield>
</record>
